00330nam a2200133Ia 450000500170000000800460001703700290006304000200009204100130011208400230012510000100014824500280015830000100018620250508151339.0008 250505s9999 xx 000 0 eng d aBooks to be hide in OPAC aFEDLbengcFEDL aeng2eng a370.1, BHA/OqFEDL aBhati 0aPhilosophy of education a208p.